[Event "28.Schlosspark-Open"]
[Site "Wiesbaden-Biebrich"]
[Date "2016.08.27"]
[Round "4.88"]
[White "Deutsch, Oliver"]
[Black "GieÃŸelbach, Christian"]
[Result "1/2-1/2"]
[WhiteElo "1456"]
[BlackElo "1588"]
[PlyCount "34"]
[EventDate "2016.??.??"]
[WhiteTeam "SK GrÃ¼ndau"]
[BlackTeam "TuS Dotzheim"]

1. e4 c6 2. d4 d5 3. exd5 cxd5 4. Bd3 Nc6 5. c3 Nf6 6. h3 e6 7. Bf4 Bd6 8. Bxd6
Qxd6 9. Nf3 O-O 10. O-O e5 11. dxe5 Nxe5 12. Nxe5 Qxe5 13. Re1 Qg5 14. Qf3 Bd7
15. Qe3 Qxe3 16. Rxe3 Rfe8 17. Rxe8+ Rxe8 1/2-1/2

[Event "28.Schlosspark-Open"]
[Site "Wiesbaden-Biebrich"]
[Date "2016.08.27"]
[Round "4.89"]
[White "Werner, Rosalie"]
[Black "Bonrath, Werner"]
[Result "1/2-1/2"]
[WhiteElo "909"]
[BlackElo "1552"]
[PlyCount "53"]
[EventDate "2016.??.??"]
[WhiteTeam "VSG Offenbach"]
[BlackTeam "SK Ebringen"]

1. e4 c5 2. Nf3 d6 3. d4 cxd4 4. Nxd4 Nf6 5. Nc3 a6 6. Bg5 Nbd7 7. Bd3 e6 8.
O-O Be7 9. f4 Nc5 10. f5 e5 11. Nf3 Bd7 12. Re1 Bc6 13. Kh1 Qc7 14. Bxf6 Bxf6
15. Qd2 h6 16. Rad1 Rd8 17. Nd5 Bxd5 18. exd5 O-O 19. Be4 Rc8 20. c3 b5 21. a3
Nb3 22. Qd3 Nc5 23. Qc2 Qe7 24. b3 Qc7 25. c4 Qa7 26. Qc3 Rc7 27. Qe3 1/2-1/2